2025 4 nations Face-off rosters (LNH) - Statistiques

Statistiques générales
  • Ce quiz a été pris 138 fois
  • Le résultat moyen est 49 sur 93
Statistiques - réponses
Hint Réponse % Correct
97 Connor McDavid
97%
87 Sidney Crosby
96%
29 Nathan Mackinnon
92%
35 Samuel Montembeault
90%
16 Mitch Marner
86%
8 Cale Makar
84%
7 Brady Tkachuk
83%
19 Matthew Tkachuk
83%
50 Jordan Binnington
82%
34 Auston Matthews
81%
63 Brad Marchand
81%
92 Patrick Laine
81%
33 Adin Hill
77%
37 Connor Hellebuyck
73%
9 Sam Bennett
73%
38 Brandon Hagel
71%
89 Drew Doughty
71%
61 Mark Stone
71%
86 Jack Hughes
70%
21 Brayden Point
69%
71 Anthony Cirelli
68%
81 Kyle Connor
68%
30 Jake Oettinger
65%
40 Joel Armia
65%
44 Josh Morrissey
65%
24 Seth Jarvis
64%
55 Colton Parayko
62%
5 Devon Toews
62%
1 Jeremy Swayman
62%
96 Mikko Rantanen
62%
88 William Nylander
62%
13 Sam Reinhart
60%
59 Jake Guentzel
58%
9 Filip Forsberg
57%
9 Jack Eichel
57%
27 Shea Theodore
57%
48 Thomas Harley
57%
77 Victor Hedman
57%
16 Aleksander Barkov
55%
35 Linus Ullmark
55%
65 Erik Karlsson
53%
85 Jake Sanderson
53%
6 Travis Sanheim
53%
74 Juuse Saros
52%
11 Travis Konecny
52%
10 J.T. Miller
51%
23 Adam Fox
49%
25 Charlie McAvoy
49%
40 Elias Pettersson
49%
20 Sebastian Aho
49%
74 Jaccob Slavin
48%
8 Zach Werenski
48%
63 Jesper Bratt
47%
14 Brock Faber
45%
93 Mika Zibanejad
45%
29 Brock Nelson
44%
20 Chris Kreider
44%
21 Dylan Larkin
44%
64 Mikael Granlund
44%
12 Matt Boldy
43%
91 Leo Carlsson
42%
62 Artturi Lehkonen
40%
32 Filip Gustavsson
40%
20 Joel Eriksson Ek
40%
32 Kevin Lankinen
40%
26 Rasmus Dahlin
40%
16 Vincent Trocheck
39%
42 Gustav Forsling
38%
24 Roope Hintz
38%
15 Anton Lundell
36%
23 Esa Lindell
34%
23 Lucas Raymond
34%
4 Rasmus Andersson
34%
67 Rickard Rakell
34%
10 Adrian Kempe
32%
86 Teuvo Teravainen
32%
27 Eetu Luostarinen
31%
28 Elias Lindholm
31%
77 Niko Mikkola
31%
15 Noah Hanifin
31%
56 Erik Haula
30%
30 Samuel Ersson
30%
33 Viktor Arvidsson
30%
3 Olli Maatta
29%
1 Ukko-Pekka Luukkonen
29%
12 Gustav Nyquist
26%
84 Kaapo Kakko
26%
14 Mattias Ekholm
26%
33 Nikolas Matinpalo
26%
25 Jonas Brodin
25%
6 Juuso Valimaki
25%
10 Henri Jokiharju
21%
18 Urho Vaakanainen
19%
Aucun quiz correspondant
Distribution des résultats
% des personnes avec chaque résultat
Percentile par nombre de réponses
Votre historique - résultats
Vous n’avez pas pris ce quiz